000 00363 a2200157 4500
001 167589
020 _a
040 _cMagnum
100 _aSignorini, Jose Luiz
240 1 0 _aAtividade fisica e radicais livres
_lpor
245 1 0 _aAtividade fisica e radicais livres
362 0 _a1899
440 1 _aÍcone
697 _aCIENCIAS MEDICAS SAUDE
942 _cBK
999 _c167589
_d167589